Rasse, Sexualität und Seuche: Stereotype aus der Innenwelt der westlichen Kultur
| Autor principal: | |
|---|---|
| Otros Autores: | |
| Tipo de documento: | Print Libro |
| Lenguaje: | Alemán |
| Publicado: |
Reinbek bei Hamburg
Rowohlt-Taschenbuch-Verl.
1992
|
| En: |
Rowohlts Enzyklopädie (527 : Kulturen & Ideen)
Año: 1992 |
| Edición: | Original-Ausgabe |
| Acceso en línea: |
Índice |
| Disponibilidad en Tübingen: | Disponible en Tübingen. IFK: N VII 219 |
| Verificar disponibilidad: | HBZ Gateway |
| Servicio de pedido Subito: | Pedir ahora. |
| Palabras clave: |
MARC
| LEADER | 00000cam a2200000 c 4500 | ||
|---|---|---|---|
| 001 | 117910384 | ||
| 003 | DE-627 | ||
| 005 | 20251023075303.0 | ||
| 007 | tu | ||
| 008 | 921224s1992 gw ||||| 00| ||ger c | ||
| 015 | |a 92,A35,1528 |2 dnb | ||
| 016 | 7 | |a 921001444 |2 DE-101 | |
| 020 | |a 3499555271 |c DM 22.90 (kart.) |9 3-499-55527-1 | ||
| 020 | |a 9783499555275 |c DM 22.90 (kart.) |9 978-3-499-55527-5 | ||
| 024 | 3 | |a 9783499555275 | |
| 035 | |a (DE-627)117910384 | ||
| 035 | |a (DE-576)027288471 | ||
| 035 | |a (DE-599)DNB921001444 | ||
| 035 | |a (OCoLC)214327357 | ||
| 035 | |a (OCoLC)123246798 | ||
| 035 | |a (DE-Rt5)2130337 | ||
| 040 | |a DE-627 |b ger |c DE-627 |e rakwb | ||
| 041 | |a ger | ||
| 044 | |c XA-DE | ||
| 084 | |a S 170 |2 sfb | ||
| 084 | |a LIT 48 |2 sfb | ||
| 084 | |a POL 126 |2 sfb | ||
| 084 | |a MED 50 |2 sfb | ||
| 084 | |a 63 |a 11 |2 sdnb | ||
| 084 | |a MR 7300 |2 rvk |0 (DE-625)rvk/123541: | ||
| 084 | |a LB 31000 |2 rvk |0 (DE-625)rvk/90528: | ||
| 084 | |a EC 2430 |2 rvk |0 (DE-625)rvk/20487: | ||
| 084 | |a 77.69 |2 bkl | ||
| 100 | 1 | |a Gilman, Sander L. |d 1944- |0 (DE-588)123314062 |0 (DE-627)28353270X |0 (DE-576)161116531 |4 aut | |
| 109 | |a Gilman, Sander L. 1944- |a Gilman, Sander Lawrence 1944- |a Gilman, Sander Laurence 1944- |a Lawrence Gilman, Sander 1944- |a Gilman, Sander 1944- | ||
| 245 | 1 | 0 | |a Rasse, Sexualität und Seuche |b Stereotype aus der Innenwelt der westlichen Kultur |c Sander L. Gilman. Ins Deutsche übertragen von Helmut Rohlfing .. |
| 250 | |a Original-Ausgabe | ||
| 264 | 1 | |a Reinbek bei Hamburg |b Rowohlt-Taschenbuch-Verl. |c 1992 | |
| 300 | |a 310 S. |b Ill. |c 19 cm | ||
| 336 | |a Text |b txt |2 rdacontent | ||
| 337 | |a ohne Hilfsmittel zu benutzen |b n |2 rdamedia | ||
| 338 | |a Band |b nc |2 rdacarrier | ||
| 361 | 1 | |5 DE-18 |y 4588241427 |s R/9345 |o Vorbesitz |a Bucharchiv des Rowohlt-Verlages | |
| 490 | 1 | |a Rowohlts Enzyklopädie |v 527 |a Kulturen & Ideen | |
| 655 | 7 | |a Aufsatzsammlung |0 (DE-588)4143413-4 |0 (DE-627)105605727 |0 (DE-576)209726091 |2 gnd-content | |
| 689 | 0 | 0 | |d s |0 (DE-588)4057329-1 |0 (DE-627)106151339 |0 (DE-576)209121602 |a Stereotyp |2 gnd |
| 689 | 0 | 1 | |d s |0 (DE-588)4125698-0 |0 (DE-627)104470348 |0 (DE-576)209578750 |a Kultur |2 gnd |
| 689 | 0 | 2 | |a z |2 gnd |a Geschichte |
| 689 | 0 | |5 DE-101 | |
| 700 | 1 | |a Rohlfing, Helmut |4 oth | |
| 830 | 0 | |a Rowohlts Enzyklopädie |v 527 : Kulturen & Ideen |9 527 |w (DE-627)319309932 |w (DE-576)01084189X |w (DE-600)60028-3 |7 am | |
| 856 | 4 | 2 | |u http://www.gbv.de/dms/hebis-darmstadt/toc/21235481.pdf |m V:DE-603 |m B:DE-17 |q pdf/application |x Verlag |y Inhaltsverzeichnis |3 Inhaltsverzeichnis |7 1 |
| 935 | |i Blocktest | ||
| 936 | r | v | |a MR 7300 |b Soziale Normen, Leitbilder, Sanktionen, Institutionen |k Soziologie |k Sozialwissenschaftliche Theorien und Methoden |k Kulturelle Ansätze |k Soziale Normen, Leitbilder, Sanktionen, Institutionen |0 (DE-627)1270710818 |0 (DE-625)rvk/123541: |0 (DE-576)200710818 |
| 936 | r | v | |a LB 31000 |b Methodologie und methoden-/theoriekritische Ansätze |k Sozial- und Kulturanthropologie. Empirische Kulturwissenschaft |k Theorie und Methodologie |k Methodologie und methoden-/theoriekritische Ansätze |0 (DE-627)1271914190 |0 (DE-625)rvk/90528: |0 (DE-576)201914190 |
| 936 | r | v | |a EC 2430 |b Beziehungen der Literatur zu Philosophie und Psychologie |k Allgemeine und vergleichende Sprach- und Literaturwissenschaft. Indogermanistik. Außereuropäische Sprachen und Literaturen |k Allgemeine und vergleichende Literaturwissenschaft. |k Beziehungen der Literatur zu anderen Gebieten |k Beziehungen der Literatur zu Philosophie und Psychologie |0 (DE-627)1270749196 |0 (DE-625)rvk/20487: |0 (DE-576)200749196 |
| 936 | b | k | |a 77.69 |j Sozialpsychologie: Sonstiges |0 (DE-627)106413120 |
| 951 | |a BO | ||
| ELC | |b 1 | ||
| LOK | |0 000 xxxxxcx a22 zn 4500 | ||
| LOK | |0 001 3104465649 | ||
| LOK | |0 003 DE-627 | ||
| LOK | |0 004 117910384 | ||
| LOK | |0 005 20020607000000 | ||
| LOK | |0 008 930205||||||||||||||||ger||||||| | ||
| LOK | |0 040 |a DE-21-110 |c DE-627 |d DE-21-110 | ||
| LOK | |0 852 |a DE-21-110 | ||
| LOK | |0 852 1 |c N VII 219 |m p |9 00 | ||
| LOK | |0 935 |a k110 | ||
| LOK | |0 936ln |a 7.3.3 | ||
| LOK | |0 938 |k p | ||
| LOK | |0 939 |a 05-02-93 |b l01 | ||
| ORI | |a SA-MARC-krimdoka001.raw | ||
| SIG | |a IFK: N VII 219 | ||
